| 000 | 01582nam a2200409 a 4500 | ||
|---|---|---|---|
| 001 | ebr10613424 | ||
| 003 | CaPaEBR | ||
| 006 | m u | ||
| 007 | cr cn||||||||| | ||
| 008 | 050322s2006 nyua sb 001 0 eng d | ||
| 010 | _z 2005045202 | ||
| 020 | _z089503302X (cloth) | ||
| 020 | _z9780895033024 | ||
| 020 | _z9780895036971 (e-book) | ||
| 040 |
_aCaPaEBR _cCaPaEBR |
||
| 035 | _a(OCoLC)608174641 | ||
| 050 | 1 | 4 |
_aJC598 _b.F74 2006eb |
| 082 | 0 | 4 |
_a323.44/5 _222 |
| 245 | 0 | 0 |
_aFreedom of information in a post 9-11 world _h[electronic resource] / _cedited by Charles H. Sides. |
| 260 |
_aAmityville, N.Y. : _bBaywood Pub. Co., _cc2006. |
||
| 300 |
_avii, 206 p. : _bill. |
||
| 490 | 1 | _aBaywood's technical communications series | |
| 504 | _aIncludes bibliographical references and index. | ||
| 533 |
_aElectronic reproduction. _bPalo Alto, Calif. : _cebrary, _d2011. _nAvailable via World Wide Web. _nAccess may be limited to ebrary affiliated libraries. |
||
| 650 | 0 | _aFreedom of information. | |
| 650 | 0 | _aFreedom of speech. | |
| 650 | 0 | _aInformation policy. | |
| 650 | 0 | _aAcademic freedom. | |
| 650 | 0 | _aScience and state. | |
| 650 | 0 |
_aResearch _xInternational cooperation. |
|
| 650 | 0 | _aCommunication of technical information. | |
| 655 | 7 |
_aElectronic books. _2local |
|
| 700 | 1 |
_aSides, Charles H., _d1952- |
|
| 710 | 2 | _aebrary, Inc. | |
| 830 | 0 | _aBaywood's technical communications series (Unnumbered) | |
| 856 | 4 | 0 |
_uhttp://site.ebrary.com/lib/rucke/Doc?id=10613424 _zAn electronic book accessible through the World Wide Web; click to view |
| 999 |
_c100857 _d100857 |
||